000 00260nam a2200121Ia 4500
008 190216s9999||||xx |||||||||||||| ||und||
100 _aNull
245 0 _aHindi-Bikalp Hin
260 _bPragathi Prakashan
300 _a115
650 _aHindi
942 _cBK
999 _c15659
_d15659